| 000 | 00375 a2200145 4500 | ||
|---|---|---|---|
| 999 |
_c3330 _d3330 |
||
| 020 | _a0702130788 | ||
| 050 | _aKTL1795 PRE 1993 | ||
| 100 |
_aPrest, C B _eauthor |
||
| 245 |
_aInterlocutory interdicts / _cC, B,Prest |
||
| 264 |
_aKenwyn: _bJuta and co ltd _c1993 |
||
| 300 | _a236p.: | ||
| 500 | _aIncludes index. | ||
| 650 | _ainterlocutory | ||
| 942 |
_2lcc _cBK _h8810 _iPRE _kKF |
||